[Event "Chigorin Memorial"]
[Site "St Petersburg RUS"]
[Date "2013.10.07"]
[Round "3.86"]
[White "Lazarev, Alexander A."]
[Black "Severina, Maria"]
[Result "0-1"]
[BlackTitle "WIM"]
[WhiteElo "1945"]
[BlackElo "2227"]
[WhiteFideId "34109452"]
[BlackFideId "4116909"]
[EventDate "2013.10.05"]

1. e4 g6 2. d4 Bg7 3. f4 d5 4. e5 c5 5. c3 cxd4 6. cxd4 Nc6 7. Nf3 Bg4 8. Be2
Qb6 9. Nc3 Bxf3 10. Bxf3 e6 11. Ne2 Nge7 12. g4 f6 13. O-O fxe5 14. f5 exf5 15.
gxf5 Nxf5 16. Bxd5 Rd8 17. Qb3 Qxb3 18. Bxc6+ bxc6 19. axb3 exd4 20. Bg5 Rd7 21.
Nf4 O-O 22. Nd3 Re8 23. Rfe1 Rxe1+ 24. Rxe1 h6 25. Bf4 g5 26. Bd2 Nh4 27. Rf1
Re7 28. Rf2 g4 29. Bf4 Nf3+ 30. Kf1 h5 31. Rc2 Re6 32. Rc5 h4 33. Ra5 Bh6 34.
Rxa7 Bxf4 35. Nxf4 Re1+ 36. Kf2 Rb1 37. Nh5 Rxb2+ 38. Kf1 Nxh2+ 39. Ke1 g3 40.
Nf6+ Kf8 41. Rd7 Rf2 42. Ne4 Rf7 43. Rxf7+ Kxf7 44. Nd6+ Ke6 45. Ne8 Nf3+ 46.
Kf1 h3 47. Ng7+ Ke5 48. Nh5 g2+ 49. Ke2 g1=Q 50. Kxf3 h2 51. Ng3 d3 52. b4 d2
53. Ne2 h1=Q# 0-1

[Event "Chigorin Memorial"]
[Site "St Petersburg RUS"]
[Date "2013.10.07"]
[Round "3.87"]
[White "Gantsevich, Aleksei"]
[Black "Balaian, Alina"]
[Result "0-1"]
[BlackTitle "WIM"]
[WhiteElo "1922"]
[BlackElo "2218"]
[WhiteFideId "24131610"]
[BlackFideId "24115347"]
[EventDate "2013.10.05"]

1. Nf3 Nf6 2. g3 g6 3. Bg2 Bg7 4. O-O O-O 5. d3 d5 6. Nbd2 a5 7. a4 Nc6 8. c3 b6
9. Qc2 Ba6 10. Rd1 e5 11. e4 dxe4 12. Nxe4 Nd5 13. Qb3 Kh8 14. c4 Ndb4 15. Be3
h6 16. Nc3 Nd4 17. Bxd4 exd4 18. Ne4 f5 19. Ned2 Qf6 20. Re1 Rae8 21. Rxe8 Rxe8
22. Re1 Qf7 23. Bf1 Bb7 24. Qd1 Qd7 25. b3 Re6 26. Rxe6 Qxe6 27. Qe2 Qxe2 28.
Bxe2 Na6 29. Nh4 Kh7 30. f4 Nc5 31. Kf2 Bf6 32. Nhf3 g5 33. Bf1 Kg6 34. Be2 gxf4
35. Nh4+ Bxh4 36. gxh4 f3 37. Bf1 f4 38. Nxf3 Bxf3 39. Kxf3 Kf5 40. Bh3+ Ke5 41.
Kg4 Nxd3 42. Kh5 Nf2 43. Kxh6 Nxh3 0-1

[Event "Chigorin Memorial"]
[Site "St Petersburg RUS"]
[Date "2013.10.07"]
[Round "3.89"]
[White "Rubtsov, Daniil"]
[Black "Sukhareva, Evgeniya"]
[Result "0-1"]
[WhiteElo "1522"]
[BlackElo "2210"]
[WhiteFideId "34174513"]
[BlackFideId "4167155"]
[EventDate "2013.10.05"]

1. e4 c5 2. Nf3 e6 3. d4 cxd4 4. Nxd4 a6 5. Nc3 Qc7 6. Bd3 d6 7. O-O Nf6 8. Qf3
Nbd7 9. Qg3 b5 10. a3 g6 11. Qf3 Bb7 12. Nce2 Bg7 13. Ng3 Ne5 14. Qe2 h5 15. Qd1
h4 16. Nge2 Nxe4 17. Bxe4 Bxe4 18. h3 Bb7 19. a4 bxa4 20. Rxa4 Bf6 21. c3 O-O
22. Nc2 Bxg2 23. Re1 Bxh3 24. Ned4 Bg4 0-1

[Event "Chigorin Memorial"]
[Site "St Petersburg RUS"]
[Date "2013.10.07"]
[Round "3.90"]
[White "Kuzmin, Egor"]
[Black "Tarakanova, Valeria"]
[Result "1-0"]
[WhiteElo "2190"]
[BlackElo "1775"]
[WhiteFideId "24101737"]
[BlackFideId "24179205"]
[EventDate "2013.10.05"]

1. d4 Nf6 2. Nf3 c5 3. d5 g6 4. c4 b5 5. cxb5 a6 6. bxa6 Bxa6 7. Nc3 Bg7 8. Nd2
O-O 9. e4 d6 10. Bxa6 Nxa6 11. O-O Nd7 12. Nc4 Nb4 13. a3 f5 14. Bg5 Na6 15.
Nxd6 Nb6 16. Ndb5 fxe4 17. d6 Bf6 18. dxe7 Qxd1 19. exf8=Q+ 1-0

[Event "Chigorin Memorial"]
[Site "St Petersburg RUS"]
[Date "2013.10.07"]
[Round "3.91"]
[White "Pershin, Denis"]
[Black "Halikov, Bulat"]
[Result "1-0"]
[WhiteElo "2190"]
[BlackElo "1611"]
[WhiteFideId "24165506"]
[BlackFideId "34147869"]
[EventDate "2013.10.05"]

1. e4 e5 2. Nf3 Nc6 3. Bc4 Bc5 4. c3 Nf6 5. d4 exd4 6. b4 Be7 7. b5 Na5 8. Qxd4
Nxc4 9. Qxc4 d5 10. exd5 Qxd5 11. Nbd2 Qxc4 12. Nxc4 Be6 13. Ne3 Ne4 14. Bb2 Bf6
15. Nd4 O-O-O 16. Rd1 Bxa2 17. Ra1 Bxd4 18. cxd4 Be6 19. Rxa7 Kb8 20. Ra4 Bd7
21. Rb4 Nd6 22. b6 cxb6 23. d5 f6 24. O-O Bb5 25. Ra1 Ba6 26. Rxb6 Nc4 27. Rbxa6
Nd2 28. Rd1 Nf3+ 29. gxf3 bxa6 30. Bd4 Kc7 31. Rc1+ Kd7 32. Ra1 Ra8 33. Nc4 Kc7
34. Bb6+ Kd7 35. Be3 Rhb8 36. Nb6+ Rxb6 37. Bxb6 Kd6 38. Ra5 h5 39. Be3 g5 40.
f4 g4 41. Bd4 h4 42. h3 Rg8 43. Bxf6 gxh3+ 44. Kh2 Rg2+ 45. Kxh3 Rxf2 46. Be5+
Ke7 47. Rxa6 Rd2 48. Ra7+ Ke8 49. d6 Rd5 50. Kxh4 Kf8 51. Kg5 Ke8 52. Kf6 Kf8
53. Ke6 1-0

[Event "Chigorin Memorial"]
[Site "St Petersburg RUS"]
[Date "2013.10.07"]
[Round "3.94"]
[White "Pranizin, Gennady"]
[Black "Sedykh, Egor"]
[Result "1/2-1/2"]
[WhiteElo "2187"]
[BlackElo "1899"]
[WhiteFideId "24131393"]
[BlackFideId "24176320"]
[EventDate "2013.10.05"]

1. e4 c5 2. Nc3 g6 3. g3 Bg7 4. Bg2 Nc6 5. f4 d6 6. Nf3 Nf6 7. O-O O-O 8. d3 Rb8
9. Nh4 Nd4 10. f5 b5 11. Be3 Nd7 12. Qd2 b4 13. Nd5 Bb7 14. Bh6 Bxd5 15. exd5
Ne5 16. Bxg7 Kxg7 17. c3 Nb5 18. d4 bxc3 19. bxc3 cxd4 20. cxd4 Qb6 21. Rad1
Rbc8 22. a4 Nc4 23. Qf2 Nc3 24. f6+ exf6 25. Qxf6+ Kg8 26. Nf5 gxf5 27. Rde1 Ne5
28. Kh1 Ng6 29. h4 Rc4 30. h5 Qxd4 31. Qxf5 Qg4 32. hxg6 hxg6 33. Qxg4 Rxg4 34.
Rf6 Rxg3 35. Rxd6 Nxa4 36. Ra6 Nb6 37. Rd1 Nxd5 38. Rxd5 Kg7 39. Rd7 Rg4 40.
Raxa7 Rg5 1/2-1/2

[Event "Chigorin Memorial"]
[Site "St Petersburg RUS"]
[Date "2013.10.07"]
[Round "3.95"]
[White "Klimentiev, Sergey"]
[Black "Grigoryeva, Olga A."]
[Result "0-1"]
[BlackTitle "WFM"]
[WhiteElo "1877"]
[BlackElo "2166"]
[WhiteFideId "24155896"]
[BlackFideId "24132594"]
[EventDate "2013.10.05"]

1. e4 c5 2. Nf3 Nc6 3. d4 cxd4 4. Nxd4 e5 5. Nb5 d6 6. Be3 a6 7. N5a3 b5 8. c4
b4 9. Nc2 Nf6 10. Nd2 Be7 11. Be2 O-O 12. O-O a5 13. a3 Be6 14. b3 Qd7 15. h3
Qb7 16. Kh2 a4 17. Nxb4 Nxb4 18. axb4 Qxb4 19. bxa4 Bd7 20. Qb1 Rxa4 21. Qxb4
Rxb4 22. Ra7 Ra4 23. Ra1 Rxa1 24. Rxa1 Bc6 25. Ra7 Re8 26. Bd1 Kf8 27. Ba4 Bxa4
28. Rxa4 Rb8 29. Ra7 Ke8 30. Ra6 Rc8 31. Kg3 Nd7 32. Kf3 g6 33. Ke2 f5 34. g3
Kf7 35. Ra7 Ke6 36. f3 Rc6 37. exf5+ gxf5 38. Rxd7 Kxd7 39. g4 Ke6 40. Bf2 Bd8
41. Kd3 Bb6 42. Bxb6 Rxb6 43. g5 Ra6 44. Ke3 Ra1 45. Kf2 Rh1 46. Kg2 Rd1 47. Nb3
Rb1 48. Na5 Rb4 0-1

[Event "Chigorin Memorial"]
[Site "St Petersburg RUS"]
[Date "2013.10.07"]
[Round "3.96"]
[White "Loginov, Anton"]
[Black "Klevets, Ksenia"]
[Result "1-0"]
[WhiteElo "2156"]
[BlackElo "1872"]
[WhiteFideId "4125134"]
[BlackFideId "24157937"]
[EventDate "2013.10.05"]

1. e4 c5 2. Nf3 Nc6 3. Bb5 g6 4. Bxc6 dxc6 5. d3 Bg7 6. h3 e5 7. Be3 Qd6 8. a4
a5 9. Na3 b6 10. Nc4 Qc7 11. O-O Ne7 12. Qc1 h6 13. b4 Be6 14. bxc5 bxc5 15.
Nfd2 O-O 16. Bxc5 Nc8 17. Rb1 Re8 18. Qb2 Bxc4 19. Nxc4 Bf8 20. Bxf8 Kxf8 21. f4
exf4 22. Qh8+ Ke7 23. Qxh6 Ra7 24. Rxf4 Nd6 25. Qg5+ Kf8 26. Qc5 Re6 27. e5 1-0

[Event "Chigorin Memorial"]
[Site "St Petersburg RUS"]
[Date "2013.10.07"]
[Round "3.97"]
[White "Ustinov, Alexey"]
[Black "Mokshanov, Igor"]
[Result "1-0"]
[WhiteElo "2125"]
[BlackElo "1888"]
[WhiteFideId "24126209"]
[BlackFideId "24121665"]
[EventDate "2013.10.05"]

1. Nc3 d5 2. Nf3 Nf6 3. d3 Nc6 4. e4 d4 5. Ne2 e5 6. Ng3 Be7 7. Be2 O-O 8. O-O
Bd6 9. h3 Ne7 10. Nh4 Ne8 11. Bg4 g6 12. Bh6 Ng7 13. Qd2 f6 14. Ne2 c5 15. g3
Rf7 16. Kg2 b6 17. f4 exf4 18. gxf4 f5 19. Bf3 Bb7 20. e5 Nd5 21. exd6 Ne3+ 22.
Kh2 Nxf1+ 23. Rxf1 Qxd6 24. Bxb7 Rxb7 25. Bxg7 Rxg7 26. Nf3 g5 27. Ng3 Qxf4 28.
Qxf4 gxf4 29. Nxf5 Rb7 30. Re1 Kf8 31. Ng5 Rd7 32. b3 Re8 33. Ne4 Re5 34. Nh4 b5
35. Rf1 Rf7 36. Rf2 c4 37. bxc4 bxc4 38. Nd6 Rf6 39. Nxc4 Re1 40. Nf3 Ra1 41. a3
Kg8 42. Nxd4 h5 43. Ne2 Re6 44. Nxf4 Ree1 45. Nxh5 Rh1+ 46. Kg3 Rhg1+ 47. Kf3
Raf1 48. Rxf1 Rxf1+ 49. Ke2 Rh1 50. Nf4 Rh2+ 51. Kd1 Rf2 52. Ne6 Rh2 53. Ng5 Rg2
54. Nf3 Rg3 55. Nfe5 Rxh3 56. Nc6 Rh7 57. d4 Rc7 58. d5 Kf7 59. d6 1-0

[Event "Chigorin Memorial"]
[Site "St Petersburg RUS"]
[Date "2013.10.07"]
[Round "3.100"]
[White "Trapeznikova, Darya"]
[Black "Popov, Alexei"]
[Result "1-0"]
[WhiteElo "2048"]
[BlackElo "1858"]
[WhiteFideId "24121118"]
[BlackFideId "24195898"]
[EventDate "2013.10.05"]

1. e4 e5 2. Nf3 Nc6 3. d4 exd4 4. Nxd4 Nf6 5. Nxc6 bxc6 6. e5 Qe7 7. Qe2 Nd5 8.
c4 Ba6 9. b3 g6 10. g3 Bg7 11. Bb2 O-O 12. Bg2 d6 13. O-O Bxe5 14. Bxe5 dxe5 15.
Re1 Qd7 16. Qd2 Nf6 17. Qxd7 Nxd7 18. Bxc6 Rad8 19. Nc3 f6 20. Rad1 Nb8 21. Bg2
Kf7 22. Nd5 c6 23. Nc3 Ke7 24. f4 Rxd1 25. Nxd1 Kd6 26. fxe5+ fxe5 27. Nf2 Nd7
28. Ne4+ Kc7 29. Bh3 Bc8 30. Ng5 Kd6 31. Nxh7 Rh8 32. Ng5 Rh5 33. Ne4+ Ke7 34.
Bg4 Rh8 35. Nf2 Kf6 36. Rd1 Ke7 37. Nd3 e4 38. Bxd7 Bxd7 39. Ne5 Be8 40. Re1 Kd6
41. Rxe4 Rh5 42. Nd3 Bd7 43. Nf4 Rg5 44. Rd4+ Ke7 45. b4 a5 46. bxa5 Rxa5 47.
Nxg6+ Ke8 48. h4 Rxa2 49. h5 Bf5 50. Nh4 Bh7 51. g4 Ra5 52. Kf2 Rc5 53. Nf3 Bg8
54. Nd2 Re5 55. Kf3 Bf7 56. Re4 Rxe4 57. Kxe4 Be6 58. Kf4 Kf8 59. g5 Kg7 60. c5
Bd5 61. Ne4 Bf7 62. g6 Bd5 63. Nc3 Be6 64. Kg5 Bc4 65. h6+ Kh8 66. Ne4 Kg8 67.
Nf6+ Kf8 68. g7+ Ke7 69. h7 Bg8 70. Nxg8+ Kf7 71. h8=Q 1-0

[Event "Chigorin Memorial"]
[Site "St Petersburg RUS"]
[Date "2013.10.07"]
[Round "3.101"]
[White "Senkevich, Konstantin"]
[Black "Gudkina, Zhanna"]
[Result "1-0"]
[WhiteElo "2039"]
[BlackElo "1846"]
[WhiteFideId "4192389"]
[BlackFideId "24102318"]
[EventDate "2013.10.05"]

1. e4 d6 2. f4 Nf6 3. e5 Nd5 4. d4 g6 5. c4 Nb6 6. Nf3 Bg7 7. Be2 O-O 8. O-O Bf5
9. Nc3 c6 10. h3 Qc7 11. Be3 Rd8 12. exd6 exd6 13. Nh4 Bc8 14. f5 Qe7 15. Bf2
Bf6 16. Qe1 g5 17. Nf3 Bxf5 18. Qd2 c5 19. Rae1 Qf8 20. Be3 Qg7 21. Rd1 N8d7 22.
Bxg5 Bxh3 23. Bd3 Bg4 24. Bh6 Bxd4+ 25. Kh1 Qf6 26. Bg5 Qg7 27. Bh6 Qf6 28. Bg5
Qg7 29. Bxd8 Rxd8 30. Qg5 Bf6 31. Qxg7+ Kxg7 32. Rd2 Ne5 33. Nxe5 dxe5 34. Ne4
Be7 35. Nf2 Bf5 36. Rdd1 Bxd3 37. Rxd3 Rxd3 38. Nxd3 Nxc4 39. b3 e4 40. bxc4
exd3 41. Rd1 b5 42. Rxd3 bxc4 43. Rc3 Bd8 44. Rxc4 Bb6 45. Kg1 Kf6 46. Kf2 Kf5
47. Kf3 h5 48. Rf4+ Kg6 49. Ke4 Bc7 50. Rf3 Bb6 51. Kd5 Kg7 52. Kc4 Kg6 53. a4
f5 54. Kb5 c4 55. Kxc4 Kg5 56. Kd5 f4 57. Ke4 Bc7 58. Rc3 Bb6 59. a5 Bg1 60. Kf3
Bh2 61. Rc5+ Kh4 62. Rc7 Bg1 63. Rc1 Be3 64. g3+ Kg5 65. gxf4+ 1-0

[Event "Chigorin Memorial"]
[Site "St Petersburg RUS"]
[Date "2013.10.07"]
[Round "3.103"]
[White "Kopasov, Evgeny"]
[Black "Zhivotovskaya, Asya"]
[Result "1-0"]
[WhiteElo "1975"]
[BlackElo "1755"]
[WhiteFideId "4181239"]
[BlackFideId "24166014"]
[EventDate "2013.10.05"]

1. d4 d5 2. c4 e6 3. Nc3 Nf6 4. Bg5 Be7 5. e3 h6 6. Bh4 O-O 7. Nf3 b6 8. Be2 c5
9. dxc5 bxc5 10. O-O Bb7 11. Qc2 Nbd7 12. Rfd1 Rc8 13. Rd2 Ne4 14. Bxe7 Qxe7 15.
Nxe4 dxe4 16. Ne1 Nb6 17. Rad1 Rfd8 18. f4 Rd7 19. Rxd7 Nxd7 20. Qd2 Bc6 21. Nc2
Rb8 22. Na3 a6 23. Nb1 Kf8 24. b3 Ke8 25. Qa5 Ra8 26. Qc7 Rb8 27. Qxc6 1-0

[Event "Chigorin Memorial"]
[Site "St Petersburg RUS"]
[Date "2013.10.07"]
[Round "3.104"]
[White "Malova, Anna"]
[Black "Rjanova, Valery"]
[Result "0-1"]
[BlackTitle "WFM"]
[WhiteElo "1817"]
[BlackElo "2192"]
[WhiteFideId "24164933"]
[BlackFideId "24129119"]
[EventDate "2013.10.05"]

1. d4 Nf6 2. c4 e6 3. g3 c5 4. d5 exd5 5. cxd5 d6 6. Nc3 g6 7. Nf3 Bg7 8. Bg2
O-O 9. Nd2 Nbd7 10. a4 Re8 11. O-O a6 12. e4 Rb8 13. Qe2 Bf8 14. f4 b5 15. axb5
axb5 16. Nxb5 Nxd5 17. Nc3 Nb4 18. Qd1 Ba6 19. Rf2 Qb6 20. Nd5 Nxd5 21. exd5 Bg7
22. Ne4 Bd4 23. Qg4 f5 0-1

[Event "Chigorin Memorial"]
[Site "St Petersburg RUS"]
[Date "2013.10.07"]
[Round "3.105"]
[White "Shemenko, Georgy"]
[Black "Antinyan, Armen"]
[Result "0-1"]
[WhiteElo "1802"]
[BlackElo "2179"]
[WhiteFideId "34112879"]
[BlackFideId "13303112"]
[EventDate "2013.10.05"]

1. e4 c5 2. Nf3 g6 3. c3 Bg7 4. d4 d5 5. e5 Nc6 6. Be2 Bg4 7. O-O Qb6 8. dxc5
Qxc5 9. b4 Qb6 10. Qxd5 Rd8 11. Qe4 Bf5 12. Qe3 Qc7 13. Bb5 a6 14. Bxc6+ bxc6
15. Re1 Nh6 16. h3 O-O 17. Nd4 Rd5 18. f4 Bc8 19. Bb2 g5 20. Na3 Nf5 21. Nxf5
Bxf5 22. c4 Rd3 23. Qf2 gxf4 24. Qxf4 Bg6 25. Rad1 Rfd8 26. Rxd3 Rxd3 27. c5 a5
28. Qc4 Rd5 29. b5 e6 30. b6 Qb8 31. Qc3 Bf8 32. Kh1 Bxc5 33. Qxa5 Bxb6 34. Qa4
Bf2 35. Re2 Bg3 36. Re3 Qxb2 37. Rxg3 Qxe5 38. Rf3 Be4 39. Rf2 Qg3 40. Re2 Rf5
41. Qd1 Bd3 42. Re1 Rf2 43. Rg1 e5 44. Nb1 Be4 45. Qg4+ Qxg4 46. hxg4 Rf4 47.
Nc3 Rxg4 48. Kh2 Bd5 49. Nxd5 cxd5 50. Rd1 d4 51. a4 d3 52. Rxd3 Rxa4 53. Rd5
Re4 54. Kg3 Kg7 55. Kf3 Rf4+ 56. Kg3 f6 57. Rd7+ Kg6 58. Rd8 h5 59. Rg8+ Kf5 60.
Rh8 h4+ 0-1

[Event "Chigorin Memorial"]
[Site "St Petersburg RUS"]
[Date "2013.10.07"]
[Round "3.106"]
[White "Shpartko, Grigory"]
[Black "Shilnikov, Igor S."]
[Result "0-1"]
[WhiteElo "2135"]
[BlackElo "1818"]
[WhiteFideId "24122254"]
[BlackFideId "4155653"]
[EventDate "2013.10.05"]

1. d4 b6 2. e4 Bb7 3. Nd2 e6 4. Ngf3 d6 5. b3 Nd7 6. Bb2 a6 7. Bd3 Be7 8. O-O g5
9. c4 Bf6 10. Qc2 e5 11. c5 bxc5 12. dxe5 dxe5 13. Nc4 Qe7 14. Na5 Bc8 15. Bc4
Qf8 16. Bd5 g4 17. Nxe5 Qg7 18. Bxa8 Nxe5 19. Bxe5 Bxe5 20. Bc6+ Kf8 21. Qxc5+
Bd6 22. Qh5 Nf6 23. Qh4 h5 24. Nc4 Be7 25. Qg3 Be6 26. Qxc7 Qg5 27. Qe5 Qh6 28.
Nd6 h4 29. Nf5 Bxf5 30. Qxf5 Rg8 31. e5 Nh5 32. Bd5 Qg6 33. Qxg6 Rxg6 34. f4
Bc5+ 35. Rf2 g3 36. Rc1 Bxf2+ 37. Kh1 Nxf4 38. Rc8+ Kg7 39. Bb7 gxh2 40. Kxh2
Ne2 41. Ra8 Bg3+ 42. Kh1 Bxe5 43. Rxa6 Rg3 44. Bd5 Rd3 45. g4 h3 46. Bg2 Rd1+
47. Bf1 Rxf1# 0-1

[Event "Chigorin Memorial"]
[Site "St Petersburg RUS"]
[Date "2013.10.07"]
[Round "3.107"]
[White "Mushak, Alexander"]
[Black "Skvortsov, Sergey"]
[Result "0-1"]
[WhiteElo "1801"]
[BlackElo "1980"]
[WhiteFideId "24134082"]
[BlackFideId "24188689"]
[EventDate "2013.10.05"]

1. e4 c6 2. d4 d5 3. Nc3 dxe4 4. Nxe4 Bf5 5. Ng3 Bg6 6. Nf3 e6 7. Bd3 Bxd3 8.
Qxd3 Nd7 9. O-O Qc7 10. Re1 Ngf6 11. Qe2 O-O-O 12. c3 Nd5 13. c4 Nf4 14. Qe4 Ng6
15. a3 Nf6 16. Qc2 h5 17. Ne4 h4 18. Neg5 h3 19. g3 c5 20. Nxe6 fxe6 21. Qxg6
Qc6 22. d5 exd5 23. Qf5+ Qd7 24. Qxd7+ Rxd7 25. Ne5 Re7 26. cxd5 Rh5 27. Bf4 g5
28. d6 Re6 29. d7+ Nxd7 30. Nxd7 Rxe1+ 31. Rxe1 Kxd7 32. Re5 Be7 33. Be3 b6 34.
Rf5 Ke6 35. g4 Rh8 36. Bxg5 Rd8 37. Kf1 Bxg5 38. Rxg5 Rd1+ 39. Ke2 Rh1 40. Kf3
Rxh2 41. Rg7 Rh1 42. Rxa7 Rb1 43. Kg3 Rxb2 44. Kxh3 Rxf2 45. Kg3 Rd2 46. Rb7 Rd6
47. Kf4 Kd5 48. g5 c4 49. Ke3 Kc6 50. Rf7 Rd3+ 51. Ke4 Rxa3 52. Kd4 b5 53. Rf6+
Kd7 54. Kc5 c3 55. Kxb5 c2 56. Rf7+ Kd8 57. Rf8+ Kc7 58. Rf7+ Kd6 59. Rf6+ Kd5
60. Rf5+ Kd4 61. Rf4+ Kc3 62. Rc4+ Kb2 63. g6 0-1

[Event "Chigorin Memorial"]
[Site "St Petersburg RUS"]
[Date "2013.10.07"]
[Round "3.108"]
[White "Shagdurov, Denis"]
[Black "Tskhadadze, Anna"]
[Result "1/2-1/2"]
[WhiteElo "1967"]
[BlackElo "1806"]
[WhiteFideId "24136735"]
[BlackFideId "4165098"]
[EventDate "2013.10.05"]

1. e4 c6 2. d4 d5 3. e5 Bf5 4. h4 h6 5. g4 Bd7 6. h5 e6 7. f4 c5 8. c3 Nc6 9.
Nf3 Qb6 10. Rh2 cxd4 11. cxd4 Bb4+ 12. Kf2 Rc8 13. Kg3 Na5 14. Be3 Nc4 15. Bxc4
dxc4 16. Bd2 Bxd2 17. Nbxd2 Qc6 18. Qe2 Ne7 19. Rc1 b5 20. Ne4 O-O 21. b3 Rc7
22. bxc4 bxc4 23. Nc5 Bc8 24. Qxc4 Bb7 25. Qe2 Rd8 26. Nxb7 Qxb7 27. Rxc7 Qxc7
28. Qe4 Qc3 29. Rc2 Qa5 30. f5 exf5 31. gxf5 Qa4 32. Rd2 Qd7 33. Kg4 Qc8 34. Rc2
Qa6 35. Qe2 Qb6 36. Rb2 Qc6 37. Rc2 Qb6 38. Rc5 Nd5 39. Qb5 Qxb5 40. Rxb5 Ne3+
41. Kf4 Nd5+ 42. Kg3 Nc3 43. Rb2 Nd1 44. Rc2 Ne3 45. Rc7 Nxf5+ 46. Kf4 Nxd4 47.
Rxa7 Nxf3 48. Kxf3 Rd1 1/2-1/2

[Event "Chigorin Memorial"]
[Site "St Petersburg RUS"]
[Date "2013.10.07"]
[Round "3.109"]
[White "Chernov, Maksim"]
[Black "Hyoetylae, Tapio"]
[Result "1/2-1/2"]
[WhiteElo "1962"]
[BlackElo "1796"]
[WhiteFideId "24194280"]
[BlackFideId "501026"]
[EventDate "2013.10.05"]

1. e4 d6 2. d4 g6 3. Nc3 c6 4. Be3 Bg7 5. Qd2 Nd7 6. f3 b5 7. a3 Nb6 8. d5 a6 9.
Bd4 Nf6 10. dxc6 Be6 11. Qf2 Rb8 12. e5 dxe5 13. Bxe5 Na8 14. Rd1 Qb6 15. Bxb8
Qxb8 16. Qc5 Qc7 17. a4 b4 18. Qxb4 Qxc6 19. Bd3 O-O 20. Nge2 Nc7 21. Nd4 Qd7
22. Nxe6 Qxe6+ 23. Be2 Nfd5 24. Nxd5 Nxd5 25. Qe4 Qxe4 26. fxe4 Nb4 27. Rd3
Nxc2+ 28. Kd2 Rc8 29. Rc1 Bh6+ 30. Kd1 Ne3+ 31. Rxe3 Rxc1+ 32. Kxc1 Bxe3+ 33.
Kc2 a5 34. b4 axb4 35. Kb3 Kf8 36. Kxb4 Ke8 37. Bc4 f6 38. Be6 Kd8 39. Kc4 Kc7
40. Kd5 Bf4 41. h3 g5 42. Bf7 Kd7 43. g4 Bd6 44. Bh5 Kc7 45. Ke6 Kb6 46. Be8 Ka5
47. Kf7 Kb6 48. Kg7 Ka5 49. Kxh7 Kb6 50. Kg6 Ka5 51. Kh5 Bg3 1/2-1/2

[Event "Chigorin Memorial"]
[Site "St Petersburg RUS"]
[Date "2013.10.07"]
[Round "3.110"]
[White "Rybakova, Polina"]
[Black "Fedoseeva, Valentina"]
[Result "1/2-1/2"]
[WhiteElo "1794"]
[BlackElo "1950"]
[WhiteFideId "24178829"]
[BlackFideId "4169875"]
[EventDate "2013.10.05"]

1. e4 e5 2. Nf3 Nc6 3. Bb5 a6 4. Ba4 Nf6 5. O-O Be7 6. Re1 b5 7. Bb3 O-O 8. c3
d6 9. h3 Nb8 10. d4 Nbd7 11. Nbd2 Bb7 12. a4 g6 13. Qe2 c6 14. Nf1 Ne8 15. Bh6
Ng7 16. Qd2 Qc7 17. Rad1 Rad8 18. Ng5 Nb6 19. axb5 axb5 20. Qe2 Bf6 21. Nh2 Qe7
22. h4 Bc8 23. Ng4 Bxg4 24. Qxg4 Nc4 25. Bxc4 bxc4 26. Qe2 Qb7 27. Qxc4 exd4 28.
cxd4 Qxb2 29. Rb1 Qxd4 30. Qxc6 Rc8 31. Qb6 Rc2 32. Nf3 Qxb6 33. Rxb6 Rd8 34.
Rd1 Ne8 35. e5 Be7 36. Rb7 Rc7 37. Rxc7 Nxc7 38. exd6 Rxd6 39. Rxd6 Bxd6 40. g3
Ne6 41. Be3 h5 42. Ng5 1/2-1/2

[Event "Chigorin Memorial"]
[Site "St Petersburg RUS"]
[Date "2013.10.07"]
[Round "3.111"]
[White "Kvitko, Nikita"]
[Black "Alieva, Alexandra"]
[Result "0-1"]
[WhiteElo "1788"]
[BlackElo "1940"]
[WhiteFideId "13708341"]
[BlackFideId "24133353"]
[EventDate "2013.10.05"]

1. e4 e5 2. Nf3 Nc6 3. Bb5 g6 4. O-O Bg7 5. c3 a6 6. Ba4 d6 7. d4 Bd7 8. Re1
Nge7 9. Be3 O-O 10. Nbd2 f5 11. Bb3+ Kh8 12. exf5 exd4 13. cxd4 Nxf5 14. Bg5 Qc8
15. d5 Nb4 16. Re4 Nd3 17. Qc2 Nc5 18. Re2 Nd4 19. Nxd4 Bxd4 20. Be3 Bg7 21.
Bxc5 dxc5 22. Ne4 Bg4 23. f3 Bd4+ 24. Kh1 Bf5 25. a4 b5 26. Qd2 Qd7 27. a5 Qg7
28. Rd1 Rae8 29. Ba2 Re7 30. h3 Bxe4 31. fxe4 Ref7 32. b3 Rf1+ 33. Kh2 Bg1+ 34.
Kg3 Qe5+ 0-1

[Event "Chigorin Memorial"]
[Site "St Petersburg RUS"]
[Date "2013.10.07"]
[Round "3.112"]
[White "Yakovlev, Yuri S."]
[Black "Sokolov, Ilia"]
[Result "1-0"]
[WhiteElo "1940"]
[BlackElo "1792"]
[WhiteFideId "4173929"]
[BlackFideId "34107468"]
[EventDate "2013.10.05"]

1. e4 e6 2. d4 d5 3. e5 c5 4. c3 Qb6 5. Nf3 Nc6 6. Be2 cxd4 7. cxd4 Bd7 8. O-O
Nh6 9. Bxh6 gxh6 10. Qd2 Be7 11. Nc3 Rg8 12. Rad1 Bg5 13. Nxg5 Rxg5 14. Nb5 Ke7
15. h4 Rg6 16. Bd3 Nxe5 17. Qb4+ Kf6 18. dxe5+ Kg7 19. Qc5 Bxb5 20. Qxb5 Rg4 21.
Qxb6 axb6 22. a3 Rxh4 23. f4 Ra4 24. g3 Rg4 25. Kf2 Rd4 26. Be2 Rg6 27. Bh5 1-0

[Event "Chigorin Memorial"]
[Site "St Petersburg RUS"]
[Date "2013.10.07"]
[Round "3.113"]
[White "Osipov, Vladimir N."]
[Black "Stroganov, Anatoly"]
[Result "0-1"]
[WhiteElo "1919"]
[BlackElo "1781"]
[WhiteFideId "34139823"]
[BlackFideId "4178955"]
[EventDate "2013.10.05"]

1. e4 c5 2. Nf3 d6 3. d4 cxd4 4. Nxd4 Nf6 5. Nc3 g6 6. Be3 Bg7 7. Bc4 O-O 8. f3
Nc6 9. Qd2 Ne5 10. Bb3 Bd7 11. h4 h5 12. O-O-O Rc8 13. Bh6 Nc4 14. Bxc4 Rxc4 15.
Bxg7 Kxg7 16. Qg5 Rc5 17. Qg3 b5 18. Nb3 Rc4 19. e5 Ne8 20. Rd5 Qb6 21. Re1 b4
22. Ne4 Rxc2+ 23. Kxc2 Qc6+ 24. Nc3 Bf5+ 25. Kc1 bxc3 26. Red1 Nc7 27. Ra5 cxb2+
28. Kxb2 Qc2+ 29. Ka3 Qxd1 30. Qg5 f6 31. exf6+ Rxf6 32. Qe3 Re6 33. Qc3+ Kf7
34. Qxc7 Qe2 35. Rxa7 Qxg2 36. Qc3 Qf2 37. Ra8 Re5 38. Qc4+ Be6 39. Qf4+ Rf5 40.
Qh6 Bxb3 41. Rf8+ Ke6 42. Qxg6+ Rf6 43. Qe4+ Kd7 44. Qb7+ Ke6 45. Qxb3+ d5 46.
Rxf6+ exf6 47. Qc3 Qxh4 48. Qe3+ Kf7 49. f4 Qg4 50. Kb4 Qe6 51. Qg3 Qb6+ 52. Kc3
Qc5+ 53. Kb2 Qb5+ 54. Kc3 Qc4+ 55. Kb2 d4 56. Qh4 Qe2+ 57. Kb3 d3 58. Qh3 0-1